Los hidalgos de Monforte (Record no. 167403)

MARC details
000 -LEADER
campo de control de longitud fija 00885nam a22002415i 4500
001 - NÚMERO DE CONTROL
campo de control 167403
003 - IDENTIFICADOR DE NÚMERO DE CONTROL
campo de control ES-MaACL
005 - FECHA Y HORA DE LA ÚLTIMA TRANSACCIÓN
campo de control 20230906213523.0
008 - DATOS DE LONGITUD FIJA--INFORMACIÓN GENERAL
campo de control de longitud fija 050926s1903 sp | |||||||| ||spa d
040 ## - FUENTE DE CATALOGACIÓN
Centro catalogador/agencia de origen CAM
Lengua de catalogación spa
Centro/agencia transcriptor CAM
080 ## - NÚMERO DE LA CLASIFICACIÓN DECIMAL UNIVERSAL
Número de la Clasificación Decimal Universal 821.134.2-31"18"
100 1# - ENTRADA PRINCIPAL--NOMBRE DE PERSONA
Nombre de persona Vicetto, Benito.
9 (RLIN) 133671
245 14 - MENCIÓN DEL TÍTULO
Título Los hidalgos de Monforte
Resto del título : (historia caballeresca del siglo XV) /
Mención de responsabilidad, etc. por Benito Vicetto ; con un prólogo de Nicolás Fort.
250 ## - MENCION DE EDICION
Mención de edición 5ª ed.
260 ## - PUBLICACIÓN, DISTRIBUCIÓN, ETC.
Lugar de publicación, distribución, etc. La Coruña :
Nombre del editor, distribuidor, etc. Andrés Martínez,
Fecha de publicación, distribución, etc. 1903 (
Fabricante Tipografía de la Casa de la Misericordia)
300 ## - DESCRIPCIÓN FÍSICA
Extensión 2 v. (463; 453 p.) ;
Dimensiones 19 cm.
490 1# - MENCIÓN DE SERIE
Mención de serie Biblioteca Gallega
598 ## - NOTA LOCAL
Nota local Mención de serie tomada de la cub. original.
700 1# - ENTRADA AGREGADA--NOMBRE PERSONAL
Nombre de persona Fort, Nicolás.
9 (RLIN) 157822
830 0# - PUNTO DE ACCESO ADICIONAL DE SERIE-TÍTULO UNIFORME
Título uniforme Biblioteca Gallega
9 (RLIN) 180864
852 ## - LOCALIZACIÓN
Ubicación ES-MaACL
Número de control de estantería G-9222-23
Nota libre -- Enc. hol., conservando la enc. original
Holdings
Estatus retirado Estado de pérdida Estado de daño No para préstamo Biblioteca de origen Biblioteca actual Ubicación en estantería Fecha de adquisición Total de préstamos Signatura topográfica completa Código de barras Visto por última vez Precio de reemplazo Tipo de ítem Koha
        Biblioteca del Ateneo de Madrid Biblioteca del Ateneo de Madrid Sala Pecera Planta 3 17/01/2008   G-9222-23 1175615 23/02/2023 23/02/2023 Libro impreso